Gateways to the Sea: (Record no. 204816)
[ view plain ]
| 000 -LEADER | |
|---|---|
| fixed length control field | 00684nam a22001937a 4500 |
| 005 - DATE AND TIME OF LATEST TRANSACTION | |
| control field | 20240805130241.0 |
| 010 ## - LCCN (DPL NO) | |
| LC control number | ENG-141205 |
| 020 ## - INTERNATIONAL STANDARD BOOK NUMBER | |
| International Standard Book Number | 9788119936670 |
| Terms of availability | 515.00 |
| 035 ## - SYSTEM CONTROL NUMBER | |
| System control number | EN-124737 |
| 037 ## - SOURCE OF ACQUISITION | |
| Stock number | DBAD |
| 082 ## - DEWEY DECIMAL CLASSIFICATION NUMBER | |
| Classification number | 381.09165 |
| Edition number | 1 |
| 245 ## - TITLE STATEMENT | |
| Title | Gateways to the Sea: |
| Remainder of title | Historic Ports and Docks of Mumbai Region/ |
| Statement of responsibility, etc | Compiled by Maritime Mumbai Museum Society |
| 250 ## - EDITION STATEMENT | |
| Edition statement | 1 |
| 260 ## - PUBLICATION, DISTRIBUTION, ETC. (IMPRINT) | |
| Place of publication, distribution, etc | New Delhi |
| Name of publisher, distributor, etc | Publications Division |
| Date of publication, distribution, etc | 2024 |
| 270 ## - ADDRESS | |
| Address | Government of India, Soochna Bhawan, CGO Complex, Lodhi Road |
| City | New Delhi |
| Postal code | 110003 |
| 300 ## - PHYSICAL DESCRIPTION | |
| Extent | xiii,185p. |
| Other physical details | ill.col |
| Dimensions | 28cm(pb) |
| 700 ## - ADDED ENTRY--PERSONAL NAME | |
| Personal name | Maritime Mumbai Museum Society |
| 9 (RLIN) | 69459 |
| 942 ## - ADDED ENTRY ELEMENTS (KOHA) | |
| Source of classification or shelving scheme | Dewey Decimal Classification |
| Item type | English Books |
| Call number suffix | GAT |
| Classification part | 381.09165 |
| Withdrawn status | Lost status | Not for loan | Collection code | Home library | Current library | Date acquired | Source of acquisition | Cost, normal purchase price | Full call number | Barcode | Copy number | Cost, replacement price | Koha item type |
|---|---|---|---|---|---|---|---|---|---|---|---|---|---|
| Non-fiction | Patel Nagar | Patel Nagar | 05/08/2024 | Delivery of Books Act Division | 515.00 | GAT 381.09165 | EN-124737 | 1 | 515.00 | English Books |
